| 000 | 01341 a2200253 4500 | ||
|---|---|---|---|
| 005 | 20081127100832.0 | ||
| 008 | 081127t xxu||||| |||| 00| 0 hin d | ||
| 010 | _aHIN-85254 | ||
| 020 |
_c500.00 _a8179010287 |
||
| 035 | _aHN-57600 | ||
| 040 |
_aDPL _bHN |
||
| 082 | _a573.2 | ||
| 100 | _aकून, कार्लटन एस. | ||
| 245 |
_aमानव की कहानी : _b(प्रथम मानव से लेकर आदिम संस्कृति और उसके बाद तक ) / _cकार्लटन एस.कून एवं विराज द्वारा अनुदित |
||
| 246 |
_aMaanava kii kahaanii _bby Carlton S. Coon |
||
| 260 |
_aनई दिल्ली _bसुयोग्य प्रकाशन _c2008 |
||
| 270 |
_aडब्लयू-112, ग्रेटर कैलाश-1 _bनई दिल्ली _cनई दिल्ली _e110049 |
||
| 300 |
_a454पृ. _c22 सेमी (सजिल्द) |
||
| 650 | _aमानव विकास | ||
| 650 | _aHuman evolution | ||
| 700 | _aविराज | ||
| 942 |
_adpl _cHN _2ddc _h573.2 _mकूनका |
||
| 999 |
_c19215 _d19215 |
||